000 00491nam a22001697a 4500
005 20230830142900.0
008 230830b |||||||| |||| 00| 0 eng d
020 _a9780007500246
040 _aKMU
_cKMU
_dKMU
_erda
050 _aPS 3569.H47C62 She
100 _aShepherd, Megan
245 _aA cold Legacy :
_bWhat darkness began, only madness can end /
_cShepherd, Megan
260 _aLondon,
_bHarperVoyager,
_c2015.
300 _a390 p. :
_c20 cm.
650 _aLegacy.
942 _2lcc
_cFM
_n0
999 _c590
_d590